| 000 | 00643nam a22002417a 4500 | ||
|---|---|---|---|
| 003 | OSt | ||
| 005 | 20220107122745.0 | ||
| 008 | 140225b xxu||||| |||| 00| 0 eng d | ||
| 020 | _a9788126538676 | ||
| 040 | _cIIITM-K | ||
| 082 | _a006.7 MOS/D | ||
| 100 |
_aMoseley, Ralph _93297 |
||
| 245 |
_aDeveloping web applications _cby Ralph Moseley; M.T Savaliya |
||
| 250 | _a2nd ed. | ||
| 260 |
_aNew Delhi, _bWiley, _c2013. |
||
| 300 | _axxvi, 398p. | ||
| 650 |
_aCOMPUTER SCIENCE _93298 |
||
| 650 |
_aWEB APPLICATION _93299 |
||
| 650 |
_aWEB PROGRAMMING _93302 |
||
| 650 |
_aHTML _93300 |
||
| 700 |
_aSavaliya, M.T _95077 |
||
| 942 |
_2ddc _cBK |
||
| 999 |
_c4131 _d4131 |
||